[Event "Tonsberg Autumn"]
[Site "Tonsberg"]
[Date "2014.09.15"]
[Round "2"]
[White "Bohman, Peter"]
[Black "Jacobsen, Willy H"]
[Result "0-1"]
[WhiteElo "751"]
[BlackElo "960"]
[PlyCount "57"]
[EventDate "2014.09.09"]
[EventType "swiss"]
[EventRounds "9"]
[EventCountry "NOR"]
[SourceTitle "EXT 2024"]
[Source "ChessBase"]
[SourceDate "2023.10.10"]
[SourceVersion "1"]
[SourceVersionDate "2023.10.10"]
[SourceQuality "1"]

1. e4 e5 2. Nf3 d6 3. Bc4 Nf6 4. Nc3 h6 5. d4 Bg4 6. 0-0 exd4 7. Qxd4 Bxf3 8. gxf3 Nc6 9. Qe3 Qe7 10. Nd5 Qd8 11. b3 a6 12. Bb2 Be7 13. e5 Nxd5 14. Bxd5 0-0 15. Rad1 Bg5 16. Qe4 Qd7 17. exd6 Rae8 18. Qg6 Ne5 19. Bxe5 Rxe5 20. Qd3 c6 21. Be4 g6 22. Kg2 Kg7 23. Qd4 Rfe8 24. Bd3 Bf6 25. Qf4 Rg5+ 26. Kh1 Be5 27. Qh4 Re6 28. Rg1 Rh5 29. Qg4 0-1